UBT Library

The Continuum encyclopedia of symbols / (Record no. 39469)

000 -LEADER
fixed length control field 01020pam a2200289 a 4500
001 - CONTROL NUMBER
control field 3959345
005 - DATE AND TIME OF LATEST TRANSACTION
control field 20171227043717.0
008 - FIXED-LENGTH DATA ELEMENTS--GENERAL INFORMATION
fixed length control field 940317s1994 nyuaf bd 000 0 eng
010 ## - LIBRARY OF CONGRESS CONTROL NUMBER
LC control number 94011000
020 ## - INTERNATIONAL STANDARD BOOK NUMBER
International Standard Book Number 0826406440 (hardcover) :
Terms of availability $39.50
040 ## - CATALOGING SOURCE
Original cataloging agency DLC
Transcribing agency DLC
Modifying agency DLC
041 1# - LANGUAGE CODE
Language code of text/sound track or separate title eng
080 ## - UNIVERSAL DECIMAL CLASSIFICATION NUMBER
Universal Decimal Classification number 302.22203 BEC
082 00 - DEWEY DECIMAL CLASSIFICATION NUMBER
Classification number 302.22203 BEC
Edition number 20
100 1# - Rafti
Rafti 23
101 ## - Shkurtesa
Shkurtesa ENC
240 10 - UNIFORM TITLE
Uniform title <a href="Lexikon der Symbole.">Lexikon der Symbole.</a>
Language of a work English
245 14 - TITLE STATEMENT
Title The Continuum encyclopedia of symbols /
Statement of responsibility, etc Udo Becker ; translated by Lance W. Garmer.
246 18 - VARYING FORM OF TITLE
Title proper/short title Element encyclopedia of symbols
504 ## - BIBLIOGRAPHY, ETC. NOTE
Bibliography, etc Includes bibliographical references (p. 344-345).
740 0# - ADDED ENTRY--UNCONTROLLED RELATED/ANALYTICAL TITLE
Uncontrolled related/analytical title Encyclopedia of symbols.
740 0# - ADDED ENTRY--UNCONTROLLED RELATED/ANALYTICAL TITLE
Uncontrolled related/analytical title Symbols.
906 ## - LOCAL DATA ELEMENT F, LDF (RLIN)
a 7
b cbc
c orignew
d 1
e ocip
f 19
g y-gencatlg
942 ## - ADDED ENTRY ELEMENTS (KOHA)
Source of classification or shelving scheme
Item type Books
Holdings
Withdrawn status Lost status Source of classification or shelving scheme Damaged status Not for loan Collection code Permanent location Current location Shelving location Date acquired Total Checkouts Full call number Barcode Date last seen Price effective from Koha item type
          Koleksioni i përgjithshem UBT - Lipjan UBT - Lipjan Koleksioni i përgjithshem 12/27/2017   302.22203 BEC 002-2994039 12/27/2017 12/27/2017 Books
UBT Library © 2015-2024. All rights reserved University Education for Business and Technology